00383nam a2200157Ia 4500008004100000020001500041041001200056082001600068100001800084245005700102250000800159260002500167300000800192650000700200700001800207221030s9999 xx 000 0 und d a007463285X aEnglish a105.23bNag aI. J. Nagrath 0aElectrical Machinescby I. J. Nagrath, D. P. Kothari a2nd bTMHaNew Delhic2002 a778 aEE aD. P. Kothari